00500caa a22001572a 4500001000900000003001100009008004300020092001700063100001800080245002900098300001500127500008800142942000900230773008800239999001500327 003342 AR-FADEU 311216n########xxu####################dd a149.94bA634 aNagel, Ernest aLógica sin ontología aPP 158-196 aEn: Antología semántica / ed. Mario Bunge. Buenos Aires : Nueva visión, 1960. cBDGR0 0916597813abdBuenos Aireso5927tANTOLOGIA semánticaw( AR-FADEU) 003334xz c9173d9173